| 000 | 00744nam a2200289Ia 4500 | ||
|---|---|---|---|
| 001 | 3775 | ||
| 005 | 20240113233652.0 | ||
| 007 | ta | ||
| 008 | 050603s 198 g b000 u eng u | ||
| 020 | _a81-224-0106-6 | ||
| 040 | _aCotton College,Assam | ||
| 041 | _aeng | ||
| 082 |
_a532 _bGa 16 Fl |
||
| 100 | _aGarde, R.J. . | ||
| 245 | 0 |
_aFluid Mechanics Through Problems / _cR.J. Garde. _hTextual Documents |
|
| 250 | _a1st ed. / | ||
| 260 |
_aNew Delhi : _bWiley Eastern , _cC 1989. |
||
| 300 |
_axii, 660p. ; _c23cm. |
||
| 504 | _aIndex | ||
| 653 | _aMathematics | ||
| 653 | _aFluid Mechanics | ||
| 653 | _aMechanics-Fluid | ||
| 653 | _aPG-Mathematics | ||
| 942 |
_2ddc _cBK |
||
| 999 |
_c3763 _d3763 |
||